Premier League 2024/25 First 11's - Statistics

General Stats
  • This quiz has been taken 412 times
  • The average score is 130 of 220
Answer Stats
Club Pos. No. Answer % Correct
Wolves GK 1 Jose Sa
98%
Arsenal GK 22 David Raya
96%
Arsenal CB 2 William Saliba
96%
Arsenal RB 4 Ben White
94%
Arsenal RW 7 Bukayo Saka
94%
Arsenal CM 41 Declan Rice
94%
Arsenal CB 6 Gabriel
94%
Arsenal LW 11 Gabriel Martinelli
94%
Arsenal ST 29 Kai Havertz
93%
Man Utd ST 8 Bruno Fernandes
92%
Chelsea RW 20 Cole Palmer
92%
Aston Villa CDM 24 Amadou Onana
91%
Man Utd GK 24 Andre Onana
91%
Aston Villa GK 1 Emiliano Martinez
91%
Arsenal CM 8 Martin Odegaard
91%
Man Utd CB 6 Lisandro Martinez
90%
Chelsea ST 15 Nicolas Jackson
90%
Arsenal CM 5 Thomas Partey
90%
Liverpool GK 1 Alisson
89%
Liverpool LW 7 Luis Diaz
89%
Liverpool RW 11 Mohamed Salah
89%
Chelsea GK 1 Robert Sanchez
89%
Man City CB 3 Ruben Dias
89%
Liverpool RB 66 Trent Alexander-Arnold
88%
Liverpool CB 4 Virgil Van Dijk
88%
Liverpool LB 26 Andrew Robertson
87%
Leicester ST 9 Jamie Vardy
87%
Man City GK 31 Ederson
86%
Chelsea CAM 8 Enzo Fernandez
86%
Man City ST 9 Erling Haaland
85%
Aston Villa ST 11 Ollie Watkins
85%
Liverpool ST 20 Diogo Jota
84%
Tottenham LW 7 Heung-Min Son
84%
Chelsea CDM 25 Moises Caicedo
84%
Liverpool CM 10 Alexis Mac Allister
82%
Man Utd CB 5 Harry Maguire
82%
Everton GK 1 Jordan Pickford
82%
Chelsea LB 3 Marc Cucurella
82%
Arsenal LB 17 Oleksandr Zinchenko
82%
Newcastle ST 14 Alexander Isak
81%
Man City CM 20 Bernardo Silva
81%
Man Utd LW 10 Marcus Rashford
81%
Liverpool CAM 8 Dominik Szoboszlai
80%
Crystal Palace CF 10 Eberechi Eze
80%
Man City CM 17 Kevin De Bruyne
80%
Chelsea RB 27 Malo Gusto
80%
Southampton ST 17 Ben Brereton Diaz
79%
Man Utd CDM 18 Casemiro
79%
Tottenham ST 19 Dominic Solanke
79%
Tottenham GK 1 Guglielmo Vicario
79%
Newcastle LW 10 Anthony Gordon
78%
Man Utd LB 20 Diogo Dalot
78%
Tottenham CAM 10 James Maddison
78%
Man City CB 25 Manuel Akanji
77%
Newcastle GK 22 Nick Pope
77%
Man City CDM 82 Rico Lewis
77%
Liverpool CM 38 Ryan Gravenberch
77%
Newcastle CM 39 Bruno Guimaraes
76%
Aston Villa RB 2 Matty Cash
76%
Tottenham CB 17 Cristian Romero
75%
Aston Villa CB 4 Ezri Konsa
75%
Tottenham RW 22 Brennan Johnson
74%
Brentford RW 19 Bryan Mbeumo
74%
Nottingham Forest ST 11 Chris Wood
74%
Crystal Palace ST 14 Jean-Philippe Mateta
74%
Man City RW 11 Jeremy Doku
74%
Tottenham CB 37 Micky Van de Ven
74%
Bournemouth GK 1 Norberto Neto
74%
Tottenham RB 23 Pedro Porro
74%
Man Utd CDM 37 Kobbie Mainoo
73%
Aston Villa LB 12 Lucas Digne
73%
Chelsea CDM 45 Romeo Lavia
73%
Liverpool CB 78 Jarell Quansah
72%
Newcastle CM 7 Joelinton
72%
Man City CB 24 Josko Gvardiol
72%
Chelsea CB 6 Levi Colwill
72%
Crystal Palace CB 6 Marc Guehi
72%
Tottenham LB 13 Destiny Udogie
71%
Everton ST 9 Dominic Calvert-Lewin
71%
Aston Villa RW 31 Leon Bailey
71%
Crystal Palace GK 1 Dean Henderson
70%
West Ham RW 20 Jarrod Bowen
70%
Nottingham Forest CAM 10 Morgan Gibbs-White
70%
Aston Villa CB 14 Pau Torres
70%
Fulham GK 1 Bernd Leno
69%
Man City LW 26 Savinho
69%
Brentford ST 11 Yoane Wissa
69%
Aston Villa LW 7 John McGinn
68%
Man Utd CAM 7 Mason Mount
68%
Aston Villa CDM 8 Youri Tielemans
68%
West Ham GK 23 Alphonse Areola
67%
Newcastle CB 5 Fabian Schar
67%
Man Utd RW 16 Amad Diallo
66%
West Ham ST 9 Michail Antonio
66%
Tottenham CM 29 Pape Matar Sarr
66%
Tottenham CM 30 Rodrigo Bentancur
66%
Bournemouth RB 15 Adam Smith
65%
Nottingham Forest RW 21 Anthony Elanga
65%
Man City CDM 8 Mateo Kovacic
65%
Newcastle CB 33 Dan Burn
64%
Brighton LW 22 Kaoru Mitoma
64%
Brighton CB 5 Lewis Dunk
64%
Chelsea LW 18 Christopher Nkunku
63%
Brighton CAM 9 Joao Pedro
63%
Man Utd RB 3 Noussair Mazraoui
63%
Chelsea CB 29 Wesley Fofana
63%
Brighton ST 18 Danny Welbeck
62%
Brentford GK 1 Mark Flekken
62%
Fulham LB 33 Antonee Robinson
61%
Aston Villa CAM 27 Morgan Rogers
61%
Leicester CB 3 Wout Faes
61%
Nottingham Forest LW 14 Callum Hudson-Odoi
60%
West Ham CM 10 Lucas Paqueta
60%
Nottingham Forest GK 26 Matz Sels
60%
Newcastle RB 21 Tino Livramento
59%
Newcastle LB 20 Lewis Hall
58%
Ipswich Town ST 19 Liam Delap
58%
West Ham CM 28 Tomas Soucek
58%
Everton CB 6 James Tarkowski
57%
Crystal Palace LWB 3 Tyrick Mitchell
57%
Fulham CAM 32 Emile Smith-Rowe
56%
West Ham LW 14 Mohammed Kudus
56%
Bournemouth ST 24 Antoine Semenyo
55%
Newcastle RW 23 Jacob Murphy
55%
West Ham RB 5 Vladimir Coufal
55%
Brentford CM 6 Christian Norgaard
54%
Bournemouth LB 3 Milos Kerkez
54%
Nottingham Forest CB 5 Murillo
53%
Nottingham Forest RB 7 Neco Williams
53%
Fulham ST 9 Rodrigo Muniz
53%
Everton LB 19 Vitalii Mykolenko
53%
Everton CAM 16 Abdoulaye Doucoure
52%
Everton LW 7 Dwight McNeil
52%
Leicester RB 2 James Justin
52%
Nottingham Forest LB 34 Ola Aina
52%
Crystal Palace CM 20 Adam Wharton
51%
Fulham LW 17 Alex Iwobi
51%
Crystal Palace RWB 12 Daniel Munoz
51%
West Ham LB 33 Emerson Palmieri
51%
Crystal Palace CB 5 Joachim Andersen
51%
Everton CB 5 Michael Keane
51%
Newcastle CM 36 Sean Longstaff
51%
Fulham RW 11 Adama Traore
49%
Brighton GK 23 Jason Steele
49%
Ipswich Town LW 20 Omari Hutchinson
49%
Wolves LB 3 Rayan Ait Nouri
49%
Brentford CB 5 Ethan Pinnock
48%
Everton CDM 27 Idrissa Gueye
47%
Fulham RB 2 Kenny Tete
47%
West Ham CB 26 Max Kilman
47%
Leicester CM 6 Wilfred Ndidi
47%
Bournemouth CM 4 Lewis Cook
46%
Crystal Palace CM 19 Will Hughes
46%
Southampton ST 9 Adam Armstrong
45%
Brentford LW 7 Kevin Schade
45%
Everton RB 18 Ashley Young
44%
Brighton CB 29 Jan Paul van Hecke
44%
Leicester GK 30 Mads Hermansen
44%
Brentford CM 8 Mathias Jensen
44%
Leicester CM 8 Harry Winks
43%
Bournemouth CB 27 Illia Zabarnyi
43%
Brentford CB 22 Nathan Collins
42%
Brighton RW 17 Yankuba Minteh
42%
Fulham CB 3 Calvin Bassey
41%
Everton RW 11 Jack Harrison
41%
Wolves CDM 8 Joao Gomes
41%
Wolves LW 19 Rodrigo Gomes
41%
Wolves CB 24 Toti Gomes
41%
Fulham CM 18 Andreas Pereira
40%
Brighton CM 6 James Milner
40%
Brighton RB 34 Joel Veltman
40%
Southampton LWB 2 Kyle Walker-Peters
40%
Brentford CM 27 Vitaly Janelt
40%
Crystal Palace CB 26 Chris Richards
39%
Crystal Palace CF 18 Daichi Kamada
38%
Nottingham Forest CDM 6 Ibrahim Sangare
38%
Fulham CB 31 Issa Diop
38%
Wolves ST 9 Jorgen Strand Larsen
38%
Leicester CAM 40 Facundo Buonanotte
37%
Bournemouth CB 2 Dean Huijsen
36%
Southampton CB 35 Jan Bednarek
36%
Leicester CB 23 Jannik Vestergaard
36%
Brentford LB 20 Kristoffer Ajer
36%
Bournemouth CAM 16 Marcus Tavernier
36%
Nottingham Forest CB 30 Willy Boly
36%
Southampton GK 1 Alex McCarthy
34%
Brighton LB 41 Jack Hinshelwood
34%
Ipswich Town LB 3 Leif Davis
34%
Wolves CDM 5 Mario Lemina
34%
West Ham CB 15 Konstantinos Mavropanos
33%
Leicester RW 7 Abdul Fatawu
32%
Wolves RW 11 Hwang Hee-Chan
30%
Wolves RB 2 Matt Doherty
30%
Fulham CM 20 Sasa Lukic
30%
Southampton CB 6 Taylor Harwood-Bellis
30%
Leicester LW 14 Bobby Decordova-Reid
28%
Nottingham Forest CDM 28 Danilo
28%
West Ham CM 24 Guido Rodriguez
28%
Bournemouth LW 17 Luis Sinisterra
28%
Ipswich Town RB 40 Axel Tuanzebe
27%
Ipswich Town CB 24 Jacob Greaves
27%
Leicester LB 16 Victor Kristiansen
27%
Bournemouth CM 14 Alex Scott
25%
Bournemouth RW 11 Dango Ouattara
25%
Southampton CB 5 Jack Stephens
25%
Southampton CM 7 Joe Aribo
23%
Ipswich Town CDM 5 Sam Morsy
23%
Ipswich Town CAM 10 Conor Chaplin
22%
Wolves CAM 27 Jean-Ricner Bellegarde
22%
Brentford RB 30 Mads Roerslev
21%
Brighton CM 27 Mats Wieffer
21%
Southampton CM 4 Flynn Downes
19%
Everton CDM 42 Tim Iroegbunam
19%
Southampton CM 8 Will Smallbone
19%
Southampton RWB 16 Yukinari Sugawara
19%
Wolves CB 14 Yerson Mosquera
18%
Ipswich Town CB 6 Luke Woolfenden
17%
Ipswich Town RW 7 Wes Burns
17%
Ipswich Town GK 28 Christian Walton
15%
Ipswich Town CDM 25 Massimo Luongo
13%
No matching quizzes found
Score Distribution
Percent of People with Each Score
Percentile by Number Answered
Your Score History
You have not taken this quiz